| 000 | 00702nam a2200217 a 4500 | ||
|---|---|---|---|
| 001 | 000022731 | ||
| 005 | 20200930021749.0 | ||
| 008 | 101117s1988 cu r 000 j spa d | ||
| 040 |
_aDO-SdBNP _bspa _cBNPHU |
||
| 082 |
_aCu863.44 _bL869d |
||
| 100 | 1 |
_aLorenzo Fuentes, José, _d1928- _946710 |
|
| 245 | 1 | 0 |
_aDespués de la gaviota y otros cuentos / _cJosé Lorenzo Fuentes ; edición Ocaña Míriam. |
| 260 |
_aLa Habana, Cuba : _bUnión, _c1988. |
||
| 300 |
_a167, [5] p. ; _c19 cm. |
||
| 490 | 1 | _aContemporáneos | |
| 650 | 4 |
_aCuentos cubanos _91482 |
|
| 650 | 4 |
_aLiteratura cubanas _ySIGLO XX _946711 |
|
| 700 | 1 |
_aMíriam, Ocaña _eed. _946712 |
|
| 830 | 0 |
_aContemporáneos _96941 |
|
| 049 | _aBNGR | ||
| 999 |
_c22228 _d22228 |
||